Pays où les femmes sont le plus victimes de violences sexuelles - Statistiques

Statistiques générales
  • Ce quiz a été pris 1 073 fois
  • Le résultat moyen est 4 sur 20
Statistiques - réponses
% Pays % Correct
22 Russie
71%
38,9 Mexique
62%
22,6 Maroc
59%
29,9 Thaïlande
28%
36,5 Bangladesh
22%
58,6 Éthiopie
21%
29 Cameroun
19%
25,7 Équateur
14%
27,8 Ouganda
13%
22,3 Rwanda
13%
25 Suisse
12%
27,2 Zimbabwe
11%
41 Costa Rica
9%
25,3 Malawi
8%
35,6 Fidji
6%
24,2 Islande
6%
31,9 Guinée équatoriale
4%
46,4 Kiribati
4%
54,7 Salomon
4%
44 Vanuatu
4%
Aucun quiz correspondant
Distribution des résultats
% des personnes avec chaque résultat
Percentile par nombre de réponses
Votre historique - résultats
Vous n’avez pas pris ce quiz